| 000 | 00908nam a22003017i 4500 | ||
|---|---|---|---|
| 003 | DO-SdBNP | ||
| 005 | 20250805143959.0 | ||
| 007 | ta | ||
| 008 | 250805s1995 dr 000 0 spa d | ||
| 040 |
_aDO-SdBNP _bspa _cBNPHU _erda |
||
| 041 | _asp | ||
| 082 |
_axxx _bF639c _222 |
||
| 100 |
_aFloristán, Casiano _eautor _988466 |
||
| 111 | 2 |
_a5to.Congreso Caribeño de Investigación Educativa _n(5: _d2025 : 9, 10, 11 y 12. Abril _cPunta Cana, República Dominicana) _957545 |
|
| 245 | 1 | 0 |
_aCuaresma-pascua / _cCasiano Floristán |
| 264 |
_aSanto Domingo : _bTotomecánica Cipriano, _c1995 |
||
| 300 |
_a79 páginas : _c22 cm. |
||
| 336 |
_ardacontent _btexto _2txt |
||
| 337 |
_ardamedia _bsin mediación _2n |
||
| 338 |
_ardacarrier _bvolumen _2nc |
||
| 590 | _aInventariado,2025/DG | ||
| 650 | _957546 | ||
| 650 | _957547 | ||
| 650 | 4 | _957548 | |
| 650 | _957549 | ||
| 910 | _aDG | ||
| 942 |
_2ddc _cLBS1 |
||
| 999 |
_c59731 _d59731 |
||